000 00820cam a2200253 i 4500
001 2712510
003 ARRUPE
005 20131219130325.0
008 760910s1976 enk 001 0 eng
010 _a 76374137
015 _aGB76-17751
020 _a004808025X :
_c£4.50
040 _aDLC
_cDLC
_dDLC
050 0 0 _aAC5
_b.F46
082 0 0 _a082
245 0 4 _aThe First cuckoo :
_ba selection of the most witty, amusing and memorable letters to The Times, 1900-1975 /
_cchosen and introduced by Kenneth Gregory.
260 _aLondon :
_bTimes Books : Allen and Unwin,
_c1976.
300 _a3-350 p. ;
_c23 cm.
500 _aIncludes indexes.
700 1 _aGregory, Kenneth.
_95970
730 _aTimes (London, England)
_95971
906 _a7
_bcbc
_corignew
_d3
_encip
_f19
_gy-gencatlg
942 _2lcc
_cMONOGRAPH
999 _c119357
_d119357